Photoemission studies of high-temperature superconductors / (Record no. 8669)

MARC details
000 -LEADER
fixed length control field 01451cam a2200349 a 4500
001 - CONTROL NUMBER
control field 2140823
003 - CONTROL NUMBER IDENTIFIER
control field OSt
005 - DATE AND TIME OF LATEST TRANSACTION
control field 20240620123606.0
008 - FIXED-LENGTH DATA ELEMENTS--GENERAL INFORMATION
fixed length control field 980406s1999 enka b 001 0 eng
010 ## - LIBRARY OF CONGRESS CONTROL NUMBER
LC control number 98007169
020 ## - INTERNATIONAL STANDARD BOOK NUMBER
International Standard Book Number 0521551897 (hbk.)
040 ## - CATALOGING SOURCE
Original cataloging agency MUST LIB
Transcribing agency MUST
Modifying agency MUST
050 00 - LIBRARY OF CONGRESS CALL NUMBER
Classification number QC611.98.C64
Item number L96 1999
082 00 - DEWEY DECIMAL CLASSIFICATION NUMBER
Classification number 537.6
Edition number 21
Item number LYN
100 1# - MAIN ENTRY--PERSONAL NAME
Personal name Lynch, David W.
9 (RLIN) 17528
245 10 - TITLE STATEMENT
Title Photoemission studies of high-temperature superconductors /
Statement of responsibility, etc. David W. Lynch and Clifford G. Olson.
260 ## - PUBLICATION, DISTRIBUTION, ETC. (IMPRINT)
Place of publication, distribution, etc. Cambridge ;
-- New York :
Name of publisher, distributor, etc. Cambridge University Press,
Date of publication, distribution, etc. 1999.
300 ## - PHYSICAL DESCRIPTION
Extent xi, 432 p. :
Other physical details ill. ;
Dimensions 25 cm.
440 #0 - SERIES STATEMENT/ADDED ENTRY--TITLE
Title Cambridge studies in low temperature physics ;
Volume/sequential designation 5
9 (RLIN) 14061
504 ## - BIBLIOGRAPHY, ETC. NOTE
Bibliography, etc Includes bibliographical references (p. 405-428) and index.
650 #0 - SUBJECT ADDED ENTRY--TOPICAL TERM
Topical term or geographic name as entry element Copper oxide superconductors.
9 (RLIN) 17529
650 #0 - SUBJECT ADDED ENTRY--TOPICAL TERM
Topical term or geographic name as entry element High temperature superconductors.
9 (RLIN) 17530
650 #0 - SUBJECT ADDED ENTRY--TOPICAL TERM
Topical term or geographic name as entry element Photoemission.
9 (RLIN) 17531
650 #0 - SUBJECT ADDED ENTRY--TOPICAL TERM
Topical term or geographic name as entry element Photoelectron spectroscopy.
9 (RLIN) 17532
700 1# - ADDED ENTRY--PERSONAL NAME
Personal name Olson, Clifford G.,
Dates associated with a name 1942-
9 (RLIN) 17533
856 42 - ELECTRONIC LOCATION AND ACCESS
Materials specified Publisher description
Uniform Resource Identifier http://www.loc.gov/catdir/description/cam029/98007169.html
856 41 - ELECTRONIC LOCATION AND ACCESS
Materials specified Table of contents
Uniform Resource Identifier http://www.loc.gov/catdir/toc/cam022/98007169.html
906 ## - LOCAL DATA ELEMENT F, LDF (RLIN)
a 7
b cbc
c orignew
d 1
e ocip
f 19
g y-gencatlg
942 ## - ADDED ENTRY ELEMENTS (KOHA)
Source of classification or shelving scheme Dewey Decimal Classification
Koha item type Open Shelf
Holdings
Withdrawn status Lost status Source of classification or shelving scheme Damaged status Not for loan Home library Current library Date acquired Source of acquisition Inventory number Total Checkouts Full call number Barcode Date last seen Price effective from Koha item type
    Dewey Decimal Classification     MUST Main Library MUST Main Library 20/06/2024 Purchase 04/21146   537.6 LYN 2024-20944 20/06/2024 20/06/2024 Open Shelf